000 01253cam a22001934a 4500
005 20250605163341.0
008 250528s ||||||||||||||||||||||||d
035 _a17384
020 _a751721298
040 _aGR-AtMCL
_bgre
_dGR-AtMCL
_eAACR2
245 1 _aBusiness Basics / A Study Guide for Degree Students
250 _a3rd
260 _bBpp Publishing,
_c2000
300 _a464
520 _aThe book gives substantial coverage of core topics which highlights key definitions, and builds a solid foundation for further study and for the use of business knowledge and skills in practice. Preface, The Nature and Scope of Economics, Price Theory - Supply and Demand, Elasticity of Demand and Supply, Market Failure: Externalities and Intervention, Theory of the Firm: Production and Costs, Factor Markets and Factor Rewards, Market Structures: From Perfect Competition to Monopoly, Monopolistic Competition and Oligopoly, Money and Banking, The Central Bank and the Financial Markets, National Income Analysis, National Income and Unemployment, Unemployment and Inflation, The Demand for and Supply of Money, Fiscal Policy, International Trade, The Balance of Payments, Glossary, Index.
942 _cBK
999 _c2807
_d2807